The Bishop's wife (Record no. 147)
[ view plain ]
| 000 -LEADER | |
|---|---|
| fixed length control field | 02951cgm a2200649 a 4500 |
| 003 - CONTROL NUMBER IDENTIFIER | |
| control field | OCoLC |
| 005 - DATE AND TIME OF LATEST TRANSACTION | |
| control field | 20241220102450.0 |
| 007 - PHYSICAL DESCRIPTION FIXED FIELD--GENERAL INFORMATION | |
| fixed length control field | vd bgaizu |
| 008 - FIXED-LENGTH DATA ELEMENTS--GENERAL INFORMATION | |
| fixed length control field | 010309s2001 cau109 g vleng d |
| 001 - CONTROL NUMBER | |
| control field | 46417557 |
| 020 ## - INTERNATIONAL STANDARD BOOK NUMBER | |
| International Standard Book Number | 0792849140 : |
| 024 1# - OTHER STANDARD IDENTIFIER | |
| Standard number or code | 027616858917 |
| 028 42 - PUBLISHER NUMBER | |
| Publisher number | 1001581 |
| Source | MGM Home Entertainment Inc |
| 035 ## - SYSTEM CONTROL NUMBER | |
| System control number | (Sirsi) i9780792849148 |
| 040 ## - CATALOGING SOURCE | |
| Original cataloging agency | OWL |
| Transcribing agency | OWL |
| Modifying agency | EMU |
| -- | UV$ |
| -- | SPP |
| 041 1# - LANGUAGE CODE | |
| Language code of text/sound track or separate title | engfrespa |
| Language code of summary or abstract/overprinted title or subtitle | frespa |
| 049 ## - LOCAL HOLDINGS (OCLC) | |
| Holding library | SPPA |
| 099 ## - LOCAL FREE-TEXT CALL NUMBER (OCLC) | |
| Classification number | DVD |
| 092 ## - LOCALLY ASSIGNED DEWEY CALL NUMBER (OCLC) | |
| Classification number | 791.437 BIS |
| 245 04 - TITLE STATEMENT | |
| Title | The Bishop's wife |
| Medium | [videorecording] / |
| Statement of responsibility, etc | Samuel Goldwyn presents ; screen play by Robert E. Sherwood and Leonardo Bercovici ; produced by Samuel Goldwyn ; directed by Henry Koster. |
| 260 ## - PUBLICATION, DISTRIBUTION, ETC. (IMPRINT) | |
| Place of publication, distribution, etc | Santa Monica, CA : |
| Name of publisher, distributor, etc | MGM Home Entertainment Inc., |
| Date of publication, distribution, etc | c2001. |
| 300 ## - PHYSICAL DESCRIPTION | |
| Extent | 1 videodisc (109 min.) : |
| Other physical details | sd., b&w ; |
| Dimensions | 4 3/4 in. |
| 490 1# - SERIES STATEMENT | |
| Series statement | Vintage classics |
| 500 ## - GENERAL NOTE | |
| General note | Full-frame (standard) format. |
| 500 ## - GENERAL NOTE | |
| General note | From the novel by Robert Nathan. |
| 500 ## - GENERAL NOTE | |
| General note | Originally released as a motion picture in 1947. |
| 500 ## - GENERAL NOTE | |
| General note | Includes original theatrical trailer. |
| 508 ## - CREATION/PRODUCTION CREDITS NOTE | |
| Creation/production credits note | Music, Hugo Friedhofer ; editing, Monica Collingwood ; director of photography, Gregg Toland. |
| 511 1# - PARTICIPANT OR PERFORMER NOTE | |
| Participant or performer note | Cary Grant, Loretta Young, David Niven, Monty Woolley, James Gleason, Gladys Cooper, Elsa Lanchester. |
| 520 ## - SUMMARY, ETC. | |
| Summary, etc | Cary Grant stars as an angel who materializes in answer to the prayers of a harried young bishop, David Niven. Niven's efforts to raise money for a new cathedral have endangered his marriage to beautiful Loretta Young. Grant enters the bishop's household hoping to end the problems plaguing the family, but instead the bishop's negelected wife becomes infatuated with him. |
| 521 8# - TARGET AUDIENCE NOTE | |
| Target audience note | Not rated by MPAA. |
| 538 ## - SYSTEM DETAILS NOTE | |
| System details note | DVD; Dolby digital. |
| 540 ## - TERMS GOVERNING USE AND REPRODUCTION NOTE | |
| Terms governing use and reproduction | Home use only. |
| 546 ## - LANGUAGE NOTE | |
| Language note | Closed captioned for the hearing impaired. English, French, or Spanish dialogue. French or Spanish subtitles. |
| 600 10 - SUBJECT ADDED ENTRY--PERSONAL NAME | |
| Personal name | Nathan, Robert, |
| Dates associated with a name | 1894-1985 |
| Form subdivision | Film and video adaptations. |
| 9 (RLIN) | 6136184 |
| 650 #0 - SUBJECT ADDED ENTRY--TOPICAL TERM | |
| Topical term or geographic name as entry element | Angels |
| Form subdivision | Drama. |
| 9 (RLIN) | 5717535 |
| 650 #0 - SUBJECT ADDED ENTRY--TOPICAL TERM | |
| Topical term or geographic name as entry element | Bishops' spouses |
| Form subdivision | Drama. |
| 9 (RLIN) | 6497789 |
| 650 #0 - SUBJECT ADDED ENTRY--TOPICAL TERM | |
| Topical term or geographic name as entry element | Bishops |
| Form subdivision | Drama. |
| 9 (RLIN) | 6497790 |
| 650 #0 - SUBJECT ADDED ENTRY--TOPICAL TERM | |
| Topical term or geographic name as entry element | Man-woman relationships |
| Form subdivision | Drama. |
| 9 (RLIN) | 5673977 |
| 650 #0 - SUBJECT ADDED ENTRY--TOPICAL TERM | |
| Topical term or geographic name as entry element | Christmas films. |
| 9 (RLIN) | 97262 |
| 655 #0 - INDEX TERM--GENRE/FORM | |
| Genre/form data or focus term | Comedy films. |
| 9 (RLIN) | 6136187 |
| 655 #0 - INDEX TERM--GENRE/FORM | |
| Genre/form data or focus term | Feature films. |
| 9 (RLIN) | 6083848 |
| 650 #0 - SUBJECT ADDED ENTRY--TOPICAL TERM | |
| Topical term or geographic name as entry element | Video recordings for the hearing impaired. |
| 9 (RLIN) | 6083849 |
| 700 1# - ADDED ENTRY--PERSONAL NAME | |
| Personal name | Koster, Henry, |
| Dates associated with a name | 1905-1988. |
| 9 (RLIN) | 25138 |
| 700 1# - ADDED ENTRY--PERSONAL NAME | |
| Personal name | Goldwyn, Samuel, |
| Dates associated with a name | 1882-1974. |
| 9 (RLIN) | 14521 |
| 700 1# - ADDED ENTRY--PERSONAL NAME | |
| Personal name | Sherwood, Robert E. |
| Fuller form of name | (Robert Emmet), |
| Dates associated with a name | 1896-1955. |
| 9 (RLIN) | 11305 |
| 700 1# - ADDED ENTRY--PERSONAL NAME | |
| Personal name | Bercovici, Leonardo. |
| 9 (RLIN) | 59731 |
| 700 1# - ADDED ENTRY--PERSONAL NAME | |
| Personal name | Grant, Cary, |
| Dates associated with a name | 1904-1986. |
| 9 (RLIN) | 2971 |
| 700 1# - ADDED ENTRY--PERSONAL NAME | |
| Personal name | Young, Loretta, |
| Dates associated with a name | 1913-2000. |
| 9 (RLIN) | 25338 |
| 700 1# - ADDED ENTRY--PERSONAL NAME | |
| Personal name | Niven, David, |
| Dates associated with a name | 1910-1983. |
| 9 (RLIN) | 1654 |
| 700 1# - ADDED ENTRY--PERSONAL NAME | |
| Personal name | Nathan, Robert, |
| Dates associated with a name | 1894-1985. |
| 9 (RLIN) | 6136188 |
| 710 2# - ADDED ENTRY--CORPORATE NAME | |
| Corporate name or jurisdiction name as entry element | MGM Home Entertainment Inc. |
| 9 (RLIN) | 64163 |
| 830 #0 - SERIES ADDED ENTRY--UNIFORM TITLE | |
| Uniform title | MGM/UA vintage classics. |
| 9 (RLIN) | 76222 |
| 942 ## - ADDED ENTRY ELEMENTS (KOHA) | |
| Koha item type | DVD |
| 979 ## - | |
| -- | 228012 |
| 998 ## - LOCAL CONTROL INFORMATION (RLIN) | |
| -- | a350 |
| Withdrawn status | Lost status | Source of classification or shelving scheme | Damaged status | Not for loan | Collection code | Home library | Current library | Shelving location | Date acquired | Source of acquisition | Cost, normal purchase price | Total Checkouts | Total Renewals | Full call number | Barcode | Date last seen | Date checked out | Cost, replacement price | Price effective from | Koha item type |
|---|---|---|---|---|---|---|---|---|---|---|---|---|---|---|---|---|---|---|---|---|
| Dewey Decimal Classification | Holiday Movies | Wasatch County Library | Wasatch County Library | Audio Visual Area | 03/04/2009 | Amazon | 11.95 | 48 | 11 | DVD Bis | 34301000811713 | 12/17/2024 | 12/03/2024 | 11.95 | 03/20/2020 | DVD |
